Modelovanie činnosti srdcovej bunky

Salvato in:
Dettagli Bibliografici
Autore principale: Zapletal, Gregor (Autore)
Altri autori: Cocherová, Elena, 1970- (Relatore della tesi), Zahradníková, Alexandra (Relatore della tesi)
Natura: Manoscritto Libro
Lingua:slovacco
Pubblicazione: Bratislava : STU v Bratislave FEI, 2008
Soggetti:
Tags: Aggiungi Tag
Nessun Tag, puoi essere il primo ad aggiungerne!!

MARC

LEADER 00000ntm a22000003a 4500
001 stu176448
005 20150617225609.3
008 081201s2008------------------------slo-d
040 |a STU  |b slo 
041 0 |a slo 
100 1 |a Zapletal, Gregor  |4 aut  |u E  |T FEI Fakulta elektrotechniky a informatiky  |U E  |Y 30 
245 1 |a Modelovanie činnosti srdcovej bunky 
260 |a Bratislava :  |b STU v Bratislave FEI,  |c 2008 
300 |a 87 s 
650 7 |a Rádioelektronika  |2 stusub 
700 1 |a Cocherová, Elena,  |d 1970-  |4 ths  |u E030  |U FEI Fakulta elektrotechniky a informatiky  |T FEI Ústav elektroniky a fotoniky  |X 1900  |U E030  |Y 549  |7 A000001900 
700 1 |a Zahradníková, Alexandra  |4 ths